Carregant...
chalachitrthinte porul /
| Autor principal: | |
|---|---|
| Format: | Printed Book |
| Idioma: | English |
| Publicat: |
1984.
|
| LEADER | 00432nam a2200121Ia 4500 | ||
|---|---|---|---|
| 008 | 150624b xxu||||| |||| 00| 0 eng d | ||
| 082 | |a 791.43 | ||
| 100 | |a vijaya krishnan | ||
| 245 | |a chalachitrthinte porul / |c vijaya krishnan | ||
| 260 | |c 1984. | ||
| 942 | |c BK | ||
| 999 | |c 38142 |d 38142 | ||
| 952 | |0 0 |1 0 |4 0 |6 791_430000000000000_VIJ_C_M |7 0 |9 38141 |a UL |b UL |c ST1 |d 1998-08-28 |l 14 |m 4 |o 791.43 VIJ/C M |p 55066 |q 2019-12-02 |r 2019-11-02 |s 2019-11-02 |w 2012-10-27 |y BK | ||